| 000 | 00566nam a2200217Ia 4500 | ||
|---|---|---|---|
| 003 | OSt | ||
| 005 | 20260323164326.0 | ||
| 008 | 210210b1938 xxu||||| |||| 00| 0 eng d | ||
| 040 | _cAL | ||
| 041 | _aHindi | ||
| 082 | _a864/95 | ||
| 100 |
_aROY (Gulab) _dरॉय (गुलाब) _9259088 |
||
| 245 |
_aPrasadji ki kala _bप्रसादजी की कला |
||
| 260 |
_aAgra _b- _c1938 |
||
| 650 |
_aPrasadji _9259089 |
||
| 650 |
_aki _9259090 |
||
| 650 |
_akala _9259091 |
||
| 690 |
_aHindi Criticism _9259092 |
||
| 906 | _a023631 | ||
| 942 |
_2ddc _cBK |
||
| 999 |
_c148600 _d148600 |
||